Word Ladder: Ron Weasley Quotes Quiz Stats

 Plays Quiz Updated Oct 21, 2018

Score 0/30 Timer 03:00
1 Play Today
Clue 4-Letter Word % Correct
⚡It's spooky. She knows ___ about you than you do!⚡MORE
95.6%
⚡Ahh! Goyle's set the bloody place on ___!⚡FIRE
94.3%
⚡They were starving him, Mum! There were ___ on his window! ⚡BARS
90.3%
AutomobilesCARS
89.6%
⚡She needs to ___ out her priorities!⚡SORT
89%
RippedTORN
88.4%
⚡Cat Hermione: ___ at my face. Ron: ___ at your tail!⚡LOOK
88.4%
⚡No, we would not ___ to join you and Viktor.⚡CARE
87.6%
⚡ Traditional? They're ancient! I look ___ my great Aunt Tessie! ⚡LIKE
87.2%
The price charged to transport a personFARE
86.7%
⚡Who are you and what have you ___ with Hermione Granger? ⚡DONE
86.5%
DaybreakMORN
85.8%
A stretch of swampy or boggy groundMIRE
83.9%
The lowest adult male singing voiceBASS
83.1%
A black powder formed when something is burnedSOOT
82.4%
Clue 4-Letter Word % Correct
To steal goods from, typically during a war or riotLOOT
82.2%
⚡Harry: It's better we wipe their memories. Ron: You're the ___.⚡BOSS
81.9%
Achy or tenderSORE
81.8%
A long written or printed literary compositionBOOK
81%
Ghostly soundsBOOS
80.8%
To eat supperDINE
79.6%
A large body of water surrounded by landLAKE
78.8%
Queue, in the U.S.LINE
78.2%
⚡Sunshine, daisies, butter mellow, ___ this stupid, fat rat yellow!⚡TURN
76.9%
After the expected timeLATE
75.3%
Part ofSOME
73.3%
⚡It's not much, but it's ___.⚡HOME
72.1%
Sharpen, like an idea or bladeHONE
69.8%
⚡You heard Snape say he's ___ an Unbreakable vow? ⚡MADE
67.1%
⚡ Maybe you don't have to do this all by yourself, ___. ⚡MATE
66.6%

Today's Daily Dose

Word Ladder
Lean on Me

Get the Picture
Superhero by Villain

You're not logged in!

Compare scores with friends on all Sporcle quizzes.
OR
Log In

Sporcle TV

Today on Sporcle TV


Watch our educational content, quiz creation guides, and fun videos on Sporcle TV.

Show Comments

Extras

Top Quizzes Today


Score Distribution

Your Account Isn't Verified!

In order to create a playlist on Sporcle, you need to verify the email address you used during registration. Go to your Sporcle Settings to finish the process.

Report this User

Report this user for behavior that violates our Community Guidelines.

Details: